Managerial accounting: ACCT 107 Managerial accounting Columbus state community college (Record no. 3563)

MARC details
005 - DATE AND TIME OF LATEST TRANSACTION
control field 20250610065345.0
020 ## - INTERNATIONAL STANDARD BOOK NUMBER
International Standard Book Number 978-0-07-761517-8
082 ## - DEWEY DECIMAL CLASSIFICATION NUMBER
Classification number LECT 658.151 WIL
100 ## - MAIN ENTRY--PERSONAL NAME
Author name WILD, J. J.
245 ## - TITLE STATEMENT
Title Managerial accounting: ACCT 107 Managerial accounting Columbus state community college
250 ## - EDITION STATEMENT
Edition statement 3rd Ed.
260 ## - PUBLICATION, DISTRIBUTION, ETC.
Place of publication, distribution, etc. Boston,
Name of publisher, distributor, etc. McGraw-Hill,
Date of publication, distribution, etc. 2012.
300 ## - PHYSICAL DESCRIPTION
Extent xxiv, 529p.: ill.; chart, figure, graph, table.
Other physical details Glossary & index.
Dimensions 27cm.
700 ## - ADDED ENTRY--PERSONAL NAME
Other authors/Editors SHAW, K. W.
942 ## - ADDED ENTRY ELEMENTS (KOHA)
Source of classification or shelving scheme Dewey Decimal Classification
Koha item type Books
Holdings
Date last seen Total checkouts Full call number Barcode Cost, replacement price Price effective from Koha item type Lost status Source of classification or shelving scheme Damaged status Not for loan Withdrawn status Home library Current library Shelving location Date acquired Cost, normal purchase price
06/10/2025   LECT 658.151 WIL 00000011783 105000.00 06/09/2025 Books   Dewey Decimal Classification       College of Business Education Main Library College of Business Education Main Library General Collection 11/28/2014 35000.00